Регионална библиотека "Любен Каравелов" - Русе

Двадесет туристически маршрута в Русенски окръг (Запис номер 447674)

MARC детайли
000 -Лидер
Контролно поле с фиксирана дължина 01463nam a2200265 a 4500
003 - Код на организацията, давaща контролен номер
Контролно поле BLK
005 - Дата и час на последна редакция
Контролно поле 20230808085611.0
008 - Елементи от данни с фиксирана дължина
fixed length control field 220308b bu |||||||||| 00| | bu d
040 ## - Източник на каталожния запис
Идентификатор на билиотеката - собственик на записа BLK
041 ## - Код за език
Код за езика на текст/звукозапис или на отделно заглавие Български
Код за езика КДБФ Български
080 ## - УДК
Текстов определител УДК Пешеходен туризъм. Туристически походи
УДК код - определител по УДК 796.51
УДК определител (497.215)(062)
УДК - код + определител 796.51(497.215)(062)
139 ## - Редно поле
Редна дума Двадесет туристически маршрута в Русенски окръг
Авторски знак Дв - Д 26
245 ## - Сведения за заглавието
Заглавие Двадесет туристически маршрута в Русенски окръг
Подзаглавни данни материали в помощ на профсъюзния и туристически актив по организацията на краткотрайния отдихк
Редно поле (дума) състав. Владимир Тодоров и Антон Алексиев
Физически носител (вид на носителя) [Малотир. изд.]
260 ## - Област на издателските данни
9 (RLIN) 441842
Място на издаване, разпространение и проч. Русе
Име на издателя, разпространителя и проч. б. и.
Година на издаване 1982
300 ## - Физическа характеристика
Страници 27 с.
Илюстрации и др. с ил.
Размери/Мащаб 15х22 см
380 ## - Жанр
Жанр 793/799 Спорт
500 ## - Общи забележки
Забележка Консултант : Христо Димов ; Худ. оформл. : Петър Фурнаджиев и Еберхард Унджиян
653 #7 - Ключова дума – ненормативна
9 (RLIN) 198787
Ключова дума туристически маршрути
653 #0 - Ключова дума – ненормативна
9 (RLIN) 471172
Ключова дума Русенски окръг
700 ## - Други автори (авторска отговорност)
9 (RLIN) 1478
Лично име Тодоров, Владимир
Автороска отговорност (Описва отношението между автора и произведението) състав.
700 ## - Други автори (авторска отговорност)
9 (RLIN) 1478
Лично име Алексиев, Антон
Автороска отговорност (Описва отношението между автора и произведението) състав.
852 ## - Местоположение
Фондова буква Краезнание
Систематично-азбучна сигнатура К 796/799/Д 26
999 ## - СИСТЕМНИ КОНТРОЛНИ НОМЕРА
Koha biblionumber 447674
Koha biblioitemnumber 447674
942 ## - АРТИКУЛИ
Вид на библиотечния материал Книги
Скрит в OPAC Не
Периодичен библиозапис Да
Koha issues (borrowed), all copies 1
944 ## - СЪЗДАВАНЕ И РЕДАКЦИЯ на ЗАПИСА
Създаване/Редакция Създаване
Дата на регистрацията/редакция 2022-03-08
Служител, извършил регистрацията/редакцията 30570
Статус, дата на статуса Моника Янева
Наличности
Код за отписване Код за изгубен артикул Източник на класификационната схема Код за повреда Коз за рестрикции Код за отдаване Артикулен № Име на библиотеката - собственик Име на библиотеката, в която се намира в момента Статус (Текущо местоположение) Дата на вписване в системата Местоположение - отдел Цена в лева Систематично азбучна сигнатура Баркод Цена в евро Служебен тип на артикула
  Не е изгубен Universal Decimal Classification Не е повреден само за читалня ползва се в читалня 875655 Регионална библиотека "Любен Каравелов" Русе Регионална библиотека "Любен Каравелов" Русе Краезнание 2022-03-15 Краезнание 2.00 К 796/799/Д 26 120000868238 1.02 Книги
Vip Innovations Ltd, Rousse, Bulgaria 2025